| 000 | 00699nam a2200265Ia 4500 | ||
|---|---|---|---|
| 005 | 20250425162541.0 | ||
| 008 | 250425s9999 xx 000 0 und d | ||
| 020 | _a9780521536615 | ||
| 041 | _aeng | ||
| 082 | _a428.64 | ||
| 100 | _aNEILSEN, ROD | ||
| 245 | 0 | _aTHE SUGAR GLIDER | |
| 250 | _a1ST ED. | ||
| 260 | _aCAMBRIDGE | ||
| 260 |
_aReino Unido _bCAMBRIDGE UNIVERSITY PRESS _c2003 |
||
| 300 | _a96 | ||
| 650 | _aACCIDENTES DE AVIACION-FICCION | ||
| 650 | _aAUSTRALIA-LITERATURA JUVENIL | ||
| 650 | _aIDIOMA INGLES-LIBROS DE TEXTO PARA EXTRANJEROS | ||
| 650 | _aLECTORES (ADULTO) | ||
| 650 | _aPILOTOS - FICCION | ||
| 650 | _aSUPERVIVENCIA | ||
| 942 | _c01 | ||
| 010 | _a84833 | ||
| 999 |
_c231544 _d231544 |
||